MARC

LEADER 00000cas a2200000 i 4500
001 1/79729
008 050630d19871993be | | | |eng||
022 |a 1012-9030 
035 |l 10078835 
040 |a GR-MY-UA  |b gre  |e aacr 
041 0 |a eng 
082 7 |a 370.1962094   |2 (21) 
245 1 0 |a ERASMUS newsletter   |h [περιοδικό] 
260 |a Luxemburg :   |a Brussels :   |b Office for Official Publications fo the european Communities,   |b Office for Cooperation in education, European Institute of Education and social Policy,   |c 1987-1993. 
300 |a  τ. :   |b εικ. ;   |c 30 εκ. 
310 |a Τετραμηνιαίο,   |b 1991-1993. 
610 2 0 |a ERASMUS (Organization) 
650 0 0 |a College students  |z European Economic Community countries  |x Periodicals. 
650 0 0 |a Students exchange programs  |z European Economic community countries  |x Periodicals. 
710 2 |a European Institute of Education and Social Policy.   |b Office for Cooperation in Education. 
710 2 |a ERASMUS (Organization) 
853 |a INST  |b RHODES  |c SER 
856 |u https://op.europa.eu/en/search-results?p_p_id=eu_europa_publications_portlet_search_executor_SearchExecutorPortlet_INSTANCE_q8EzsBteHybf&p_p_lifecycle=1&p_p_state=normal&queryText=Erasmus+newsletter&facet.collection=EULex,EUPub,EUDir,EUWebPage,EUSummariesOfLegislation&startRow=1&resultsPerPage=10&SEARCH_TYPE=SIMPLE 
970 |a ΧΟΡΟΖΙΔΟΥ  |b ΤΖΕΝΗ  |z 2005/06/30